Fix you- complete lyrics - Statistics

General Stats
  • This quiz has been taken 324 times
  • The average score is 147 of 176
Answer Stats
Answer % Correct
you
100%
You
100%
I
98%
try
98%
When
98%
when
98%
be
97%
but
97%
But
97%
don't
97%
your
97%
best
96%
to
95%
fix
94%
what
94%
will
94%
need
93%
not
93%
so
93%
want
93%
and
92%
And
92%
get
91%
succeed
91%
can't
89%
home
88%
down
87%
guide
86%
face
85%
tears
85%
Tears
85%
in
84%
Lights
84%
it
82%
stream
81%
bones
80%
reverse
80%
feel
79%
stuck
79%
ignite
78%
replace
78%
sleep
78%
the
76%
tired
76%
lose
75%
Could
73%
something
73%
love
72%
worse?
71%
come
70%
goes
70%
someone
69%
streaming
66%
waste
64%
too
55%
are
53%
if
53%
know
53%
let
53%
never
50%
below
47%
just
46%
you'll
46%
you're
46%
cannot
44%
up
43%
high
42%
above
40%
or
38%
worth
38%
promise
35%
from
29%
mistakes
29%
my
28%
learn
27%
show
13%
No matching quizzes found
Score Distribution
Percent of People with Each Score
Percentile by Number Answered
Your Score History
You have not taken this quiz